Plan estratégico 2013-2017 : (Record no. 9101)

MARC details
000 -LEADER
fixed length control field 00763nam a22002057a 4500
003 - CONTROL NUMBER IDENTIFIER
control field AR-FvUNAJ
005 - DATE AND TIME OF LATEST TRANSACTION
control field 20230912100315.0
008 - FIXED-LENGTH DATA ELEMENTS--GENERAL INFORMATION
fixed length control field 230911s2013 a|||| |||| 00| 0 spa d
040 ## - CATALOGING SOURCE
Transcribing agency AR-FvUNAJ
Description conventions aacr2
082 14 - DEWEY DECIMAL CLASSIFICATION NUMBER
Edition number 14
110 2# - MAIN ENTRY--CORPORATE NAME
Corporate name or jurisdiction name as entry element Hospital de Alta Complejidad Néstor Carlos Kirchner
9 (RLIN) 17861
245 10 - TITLE STATEMENT
Title Plan estratégico 2013-2017 :
Remainder of title La gestión es de todos /
Statement of responsibility, etc Hospital Néstor Carlos Kirchner.
260 ## - PUBLICATION, DISTRIBUTION, ETC. (IMPRINT)
Place of publication, distribution, etc [Buenos Aires],
Name of publisher, distributor, etc s.d. :
Date of publication, distribution, etc 2013.
300 ## - PHYSICAL DESCRIPTION
Extent 47 p.
Other physical details il.
610 10 - SUBJECT ADDED ENTRY--CORPORATE NAME
Corporate name or jurisdiction name as entry element Hospital de Alta Complejidad Néstor Carlos Kirchner
9 (RLIN) 17861
Geographic subdivision Florencio Varela
650 27 - SUBJECT ADDED ENTRY--TOPICAL TERM
Source of heading or term unescot
9 (RLIN) 15384
Topical term or geographic name as entry element ADMINISTRACIÓN EN SALUD PUBLICA
650 27 - SUBJECT ADDED ENTRY--TOPICAL TERM
Source of heading or term unescot
9 (RLIN) 5343
Topical term or geographic name as entry element GESTIÓN EN SALUD
942 ## - ADDED ENTRY ELEMENTS (KOHA)
Source of classification or shelving scheme Dewey Decimal Classification
Koha item type Libro, folleto, traducción
980 ## - EQUIVALENCE OR CROSS-REFERENCE-SERIES STATEMENT--PERSONAL NAME/TITLE [LOCAL, CANADA]
Linkage 21566
Personal name Miranda Raldes
Field link and sequence number 2
Miscellaneous information Virginia Figueroa
Holdings
Withdrawn status Lost status Source of classification or shelving scheme Damaged status Not for loan Home library Current library Date acquired Source of acquisition Full call number Barcode Date last seen Price effective from Koha item type
    Dewey Decimal Classification     Biblioteca Central Biblioteca Central 12/09/2023 Donación Folleto 153 UNAJ23090048 17/03/2025 12/09/2023 Libro, folleto, traducción

Lunes a Viernes 8:30 a 19:00 hs. Cerrado por mudanza
Av.Calchaqui 6200 Florencio Varela (CP188) 2°piso Edificio Mosconi Aula 209-210
Mail: bibliotecacentralunaj@gmail.com  
Whatsapp(54 9)1122668024    ❔Pregunte a la bibliotecaria
© Universidad Nacional Arturo Jauretche | Secretaría Académica | Biblioteca Central UNAJ